• 首页
  • 本馆介绍
  • 公告通知
  • 最新文献
  • 馆藏检索
  • 电子资源
  • 读者导购
  • 参考咨询
  • 我的图书馆
  • 登录
  • 详细信息显示
  • 放入我的书架
  • 预约/预借图书
  • 作者相关作品
  • 分类相关作品
  • 丛书相关作品
  • 出版社相关作品

书目信息

  • 表格格式
  • 工作单格式
  • 卡片格式
题名:
商业会计教材
    
 
作者: 施仁夫 编著
分册:  
出版信息: 上海   立信会计图书用品社  1987.10
页数: 269页
开本: 20厘米
丛书名: 立信会计丛书
单 册:
中图分类: F715.5
科图分类:
主题词: 商业会计--教材
电子资源:
ISBN: 7-5429-0021-8
000 00848nam2 2200265 45
001 0188002156
005 20071001100758.14
010    @a7-5429-0021-8@dCNY1.95
020    @aCN@b88002156
100    @a19910411d1987 m y0chiy0120 ea
101 0  @achi
102    @aCN@b310000
105    @ak z 000yy
200 10 @a商业会计教材@Ashang ye kuai ji jiao cai@f施仁夫编著@Fshi ren fu bian zhu
210    @a上海@c立信会计图书用品社@d1987.10
215    @a269页@d20厘米
225 2  @a立信会计丛书
330    @a本书主要介绍商业企业会计核算的基础方法和基本程序,以及企业固定资金、流动资金和专项资金的核算。
410  0 @120010@a立信会计丛书
540 1  @a商业会计教材@Ashang ye kuai ji jiao cai
606    @a商业会计@x教材
690    @aF715.5@v1980
701  0 @a施仁夫@Ashi ren fu@4编著
801  0 @aCN@bTSSF@c20071001
905    @a10447@dF715.5@e413
    
    商业会计教材/施仁夫编著.-上海:立信会计图书用品社,1987.10
    269页;20厘米.-(立信会计丛书)
    
    
    ISBN 7-5429-0021-8:CNY1.95
    本书主要介绍商业企业会计核算的基础方法和基本程序,以及企业固定资金、流动资金和专项资金的核算。
●
相关链接 在E读中查询图书 在五车中查询图书 在当当中查询图书 在豆瓣中查询图书


正题名:商业会计教材     索取号:F715.5/413         预约/预借

序号 登录号 条形码 馆藏地/架位号 状态 备注
1 0626312   206263121   第一样本阅览室/ [索取号:F715.5/413] 在馆    
唐山师范学院图书馆 欢迎您!
大连网信软件有限公司© 版权所有